Les stations de radios les plus écoutées en France en 2024 - Statistiques

Statistiques générales
  • Ce quiz a été pris 118 fois
  • Le résultat moyen est 12 sur 30
Statistiques - réponses
Réponse % Correct
NRJ
90%
RTL
86%
Europe 1
81%
Skyrock
78%
France Inter
73%
Fun Radio
72%
RMC
71%
France Bleu
68%
France Info
67%
Nostalgie
60%
RTL2
59%
France Culture
56%
Europe 2
55%
RFM
54%
Chérie FM
46%
France Musique
34%
FIP
32%
Mouv
31%
Rire et Chansons
30%
Radio Classique
25%
Radio Nova
18%
Sud Radio
18%
Oui FM
12%
M Radio
9%
Radio FG
6%
Generations
5%
Chante France
4%
Jazz Radio
3%
Outre-Mer
0%
Radio Public Santé
0%
Aucun quiz correspondant
Distribution des résultats
% des personnes avec chaque résultat
Percentile par nombre de réponses
Votre historique - résultats
Vous n’avez pas pris ce quiz